The Novels of Charles Dickens - Statistics

General Stats
  • This quiz has been taken 336 times
  • The average score is 13 of 20
Answer Stats
Hint Answer % Correct
A ? Carol Christmas
98%
A Tale of Two ? Cities
98%
David ? Copperfield
96%
Great ? Expectations
95%
The ? Papers Pickwick
94%
? House Bleak
89%
The ? ? Shop Old Curiosity
83%
The Life and Adventures of Nicholas ? Nickleby
82%
Little ? Dorrit
81%
Our ? Friend Mutual
72%
The Life and Adventures of Martin ? Chuzzlewit
70%
The ? of Edwin Drood Mystery
66%
? and Son Dombey
65%
The ? of Oliver Twist Adventures
57%
The ? on the Hearth Cricket
50%
The Battle of ? Life
47%
Hard Times: For These ? Times
19%
The ? Chimes
17%
The Haunted Man and the ? Bargain Ghost's
17%
Barnaby Rudge: A Tale of the Riots of ? Eighty
4%
No matching quizzes found
Score Distribution
Percent of People with Each Score
Percentile by Number Answered
Your Score History
You have not taken this quiz